000 00638nam a2200253Ia 4500
003 OSt
005 20221005083758.0
006 a|||||r|||| 00| 0
007 ta
008 221004b |||||||| |||| 00| 0 eng d
020 _a8185990727
024 _a79457
037 _cTextual
040 _aCRL
_cCRL
_beng
041 _2eng
_aeng
082 _aQ1, P1
100 _aFrawley David
245 0 _aHinduism and the clash of civilizations
260 _aNew Delhi
_bVoice of India India
_c2001
300 _a247p.
_ccm.
650 _aRELIGION
942 _hQ1, P1
_cTEXL
_2cc
999 _c991517
_d991517